000 00343 a2200169 4500
001 186886
020 _a85-16-01431-2
040 _cMagnum
100 _aMuniz, Flávia
240 1 0 _aJoão e Maria
_lpor
245 1 0 _aJoão e Maria
300 _a46
362 0 _a1996
440 1 _aModerna
697 _aLITERATURA INFANTO
942 _cBK
999 _c186886
_d186886